000 00706nam a22002177a 4500
003 UA-OsUOA
001 134682
007 ta
008 20181210b un ||||| |||| 00| 0 ukr d
100 _aГрабовький С.
090 _a94(477)
_bГ75
942 _cSA
040 _aUA-OsUOA
_bukr
_cUA-OsUOA
_dUA-OsUOA
245 _aЯк імперська Росія "впокорювала" Тавриду. І в Москві колись писали правду про колоніальну політику в Криму
300 _aС.21
955 _a0
041 _aukr
080 _a94(477)
773 0 _w134679
650 7 _a9 Географія. Біографії. Історія
_2UDC
999 _c423399
_d423399